000 00801nam a2200205 a 4500
003 0
005 20250516141927.0
008 030519s19uu xx 00 eng d
050 _aPHS TD 878
_b.S27 2003
100 _aSasaki, Kent Michael M.
245 _aThe Use of ethylenediaminetetraacetic acid (EDTA) as a chelating agent for remediation of copper contaminated soil /
_cKent Michael M. Sasaki.
260 _aLas PiƱas City, Philippines :
_bSouthville International School and Colleges,
_c2003.
300 _a40 pages :
_billustrations ;
_c28 cm.
504 _aIncludes bibliographical references.
650 _aEDTA (Ethylenediaminetetraacetic acid).
650 _aCopper
_xEnvironmental aspects.
650 _aSoil pollution
_xRemediation.
650 _aChelating agents.
942 _2lcc
_cPASS
999 _c96812
_d96812